000 00292nam a2200097Ia 4500
008 240331s9999 xx 000 0 und d
082 _bANT
100 _aKater, A,. ed
245 0 _aAnthropologists approaching education :
_bpapers presented at the symposium anthropology of education
942 _cL
999 _c3112
_d3112